Fundamentals of microbiology (Record no. 92940)

MARC details
000 -LEADER
fixed length control field 00383nam a2200157Ia 4500
008 - FIXED-LENGTH DATA ELEMENTS--GENERAL INFORMATION
fixed length control field 230917s9999||||xx |||||||||||||| ||und||
040 ## - CATALOGING SOURCE
-- 71614
Original cataloging agency VIVEKANANDA LIBRARY
041 ## - Language
-- English
082 ## - DDC NUMBER
Classification number 579 A16F
100 ## - MAIN ENTRY--PERSONAL NAME
Personal name Alcamo, I Edward
245 #0 - TITLE STATEMENT
Title Fundamentals of microbiology
250 ## - EDITION STATEMENT
Edition statement 6th. ed.
260 ## - PUBLICATION, DISTRIBUTION, ETC. (IMPRINT)
Place of publication, distribution, etc Boston
Name of publisher, distributor, etc Jones & Bartlett
Date of publication, distribution, etc 2001
300 ## - PHYSICAL DESCRIPTION
Pages xxii, 832 p.
942 ## - ADDED ENTRY ELEMENTS (KOHA)
Koha item type Books
Holdings
Withdrawn status Lost status Damaged status Not for loan Location (home branch) Sublocation or collection (holding branch) Date acquired Koha issues (times borrowed) Koha full call number Accession No. Koha date last seen Koha item type
        VIVEKANANDA LIBRARY VIVEKANANDA LIBRARY 05/02/2003 1 579 A16F 174172 09/09/2024 Books
        VIVEKANANDA LIBRARY VIVEKANANDA LIBRARY 05/02/2003 2 579 A16F 174173 25/09/2024 Books
        VIVEKANANDA LIBRARY VIVEKANANDA LIBRARY 05/02/2003 3 579 A16F 174174 23/10/2024 Books
© Designed and Maintained by Vivekananda Library, MDU Rohtak